| 000 | 00000nam##2200000za#4500 |
| 001 | 9.611638 |
| 003 | CaOODSP |
| 005 | 20200327122824 |
| 007 | ta |
| 008 | 150406|1994||||xxc||||| f|0| 0 eng|d |
| 022 | |a0706-6457 |
| 040 | |aCaOODSP|beng |
| 043 | |an-cn--- |
| 086 | 1 |aFs97-6/1992E |
| 110 | 1 |aCanada. |bDepartment of Fisheries and Oceans. |
| 245 | 14|aThe Bigouden Nephrops trawl, and the Devismes trawl, two otter trawls efficiently catching benthic stages of Snow Crab (Chionoecetes opilio) and American Lobster (Homarus americanus) / |cby G. Y. Conan et al. |
| 260 | |aOttawa - Ontario : |bFisheries and Oceans Canada |c1994. |
| 300 | |a27p. : |bfigs., references ; |c28 cm. |
| 490 | 1 |aCanadian technical report of fisheries and aquatic sciences|x0706-6457|v1992 |
| 500 | |aPrepared at the Department of Fisheries and Oceans, Science Branch, Gulf Region, P.O. Box 5030, Moncton, New Brunswick E1C 9B6. |
| 546 | |aRésumés en français |
| 563 | |aSoftcover |
| 690 | 07|aShellfish|2gcpds |
| 720 | 1 |aConan, G. Y. |
| 776 | 0#|tThe Bigouden Nephrops trawl, and the Devismes trawl, two otter trawls efficiently catching benthic stages of snow crab (Chionoecetes opilio), and American lobster (Homarus americanus) / |w(CaOODSP)9.573831 |
| 830 | #0|aCanadian technical report of fisheries and aquatic sciences,|x0706-6457|v1992|w(CaOODSP)9.514691 |